000
00255nam a2200109Ia 4500
008
220204s9999 xx 000 0 und d
082
_a
943
_b
WIN
100
_a
Winterbotham, F W
245
0
_a
Nazi connection
260
_a
New York
_b
Dell
_c
1978
942
_c
BK
999
_c
35158
_d
35158